[Event "Yingmei Cup CHN-chT 2017"]
[Site "Guangdong"]
[Date "2017.12.04"]
[Round "21"]
[White "Ma, Zhonghan"]
[Black "Zhou, Jianchao"]
[Result "1/2-1/2"]
[WhiteElo "2473"]
[BlackElo "2592"]
[Annotator "TA"]
[PlyCount "73"]
[EventDate "2017.??.??"]
[EventCountry "CHN"]
[SourceTitle "playchess.com"]
[Source "ChessBase"]
[SourceQuality "1"]

{[%evp 14,73,10,15,17,17,11,0,19,0,8,1,15,-16,-8,-10,-11,-16,-10,-10,-9,-20,-12,-12,-17,-23,-16,-23,-5,-9,-8,-30,-13,-27,-10,-16,-11,-10,-2,-5,0,-49,-1,-3,0,0,0,-6,-4,-4,-10,-9,0,0,0,-6,0,0,0,0,0,0]} 1. d4 d5 2. c4 e6 3. Nf3 a6 4. e3 Nf6 5. Nbd2 (5. b3 c5 6. Bb2 cxd4 7. exd4 b6 8. Nbd2 Bb7 9. Bd3 Nbd7 10. O-O Bd6 11. Qe2 O-O 12. Ne5 Qe7 {½-½ (38) Malakhov,V (2691)-Andreikin,D (2705) Antalya 2017}) 5... Nbd7 6. b3 {D30: Damengambit (ohne Sc3)} b6 7. Bb2 Bb7 8. Bd3 {LiveBook: 3 Partien} Be7 9. O-O O-O 10. cxd5 Nxd5 11. Rc1 c5 12. Qe2 b5 $146 ({Vorgänger:} 12... cxd4 13. Nxd4 {0-1 (57) Jirovsky,M (2450)-Nestorovic,N (2476) Germany 2016}) 13. Ne4 {[%cal Rd4c5]} cxd4 14. Nxd4 Rc8 15. Rxc8 Qxc8 16. Rc1 Qa8 17. Qh5 {[#] Droht stark Sg5.} N5f6 18. Nxf6+ Nxf6 19. Qh4 h6 20. Qg3 Rc8 21. Rxc8+ Qxc8 22. f3 Ne8 23. Qe1 Bd6 24. Ne2 Qc7 25. h3 Bc5 26. Qc1 Qd6 27. Bb1 Nc7 (27... Bxe3+ $5 28. Qxe3 Qd1+ 29. Kf2 Qxb1 $17) 28. Bd4 {Die Stellung ist ausgeglichen.} Bxd4 (28... Ba3 {is more complex.} 29. Qc2 f5 30. Qd2 Kf7 31. Kf2 e5) 29. Nxd4 g6 30. a3 e5 31. Ne2 a5 32. Ng3 Bd5 33. Ne4 Bxe4 34. Bxe4 Ne6 35. Bc6 b4 36. axb4 axb4 37. Bb5 {Precision: Weiß = 64%, Schwarz = 41%.} 1/2-1/2

[Event "Yingmei Cup CHN-chT 2017"]
[Site "Guangdong"]
[Date "2017.12.04"]
[Round "21"]
[White "Shen, Yang"]
[Black "Stefanova, Antoaneta"]
[Result "1/2-1/2"]
[WhiteElo "2473"]
[BlackElo "2506"]
[Annotator "TA"]
[PlyCount "42"]
[EventDate "2017.??.??"]
[EventCountry "CHN"]
[SourceTitle "playchess.com"]
[Source "ChessBase"]
[SourceQuality "1"]

{[%evp 16,42,0,-29,-14,-22,-8,-12,-15,-18,0,-8,-15,-29,0,0,0,0,0,0,0,0,0,0,0,0,0,0,0]} 1. d4 Nf6 2. c4 g6 3. Nc3 d5 4. Bg5 Ne4 5. Bh4 Nxc3 6. bxc3 dxc4 7. e3 Be6 8. Rb1 {[%cal Ba1b1,Bb1b7,Bb7c7][%mdl 32]} Nd7 {D80: Grünfeldindisch (4.Lg5)} (8... Bg7 9. Nh3 b6 10. Nf4 Bf5 11. Rb5 Bd7 12. Rb2 b5 13. Nd5 f6 14. Bg3 e5 15. dxe5 fxe5 16. Rd2 {0-1 (36) Mamedyarov,S (2766)-Grischuk,A (2764) Moscow 2013}) 9. Rxb7 {LiveBook: 4 Partien} Nb6 {[#] Und ...Ld5 würde nun gewinnen.} 10. Bg3 c5 11. Rc7 $146 ({Vorgänger:} 11. Nf3 Bg7 12. Nd2 cxd4 13. exd4 Bd5 14. Rc7 e5 15. Rc5 exd4 16. Nxc4 O-O 17. cxd4 Nxc4 18. Bxc4 Bxg2 19. Rg1 Bxd4 20. Bc7 Bc3+ 21. Ke2 Re8+ {0-1 (21) Kaganskiy,G (2331)-Baron,T (2232) Petah Tiqwa 2007}) 11... cxd4 12. Qxd4 Qd5 13. Nf3 $132 {[%mdl 2048] Weiss is not keeping still} ({Viel schlechter ist} 13. Qxh8 Rd8 $19) 13... Qb5 14. Nd2 $1 Rd8 (14... f6 $5 {[%cal Ra8d8]} 15. Nb3 (15. Nxc4 Qb1+ 16. Qd1 Qxd1+ 17. Kxd1 Nd5 $11) (15. Bxc4 Nxc4 16. Nxc4 Qb1+ 17. Qd1 Qxa2 $17) 15... Rd8 $11) 15. Qxh8 {[#] Schwarz muss nun f3 beachten.Die Stellung ist ausgeglichen.} Rxd2 $1 16. Kxd2 Qb2+ 17. Ke1 Qc1+ 18. Ke2 Qc2+ 19. Ke1 Qc1+ 20. Ke2 Qc2+ 21. Ke1 Qc1+ 1/2-1/2

[Event "Yingmei Cup CHN-chT 2017"]
[Site "Guangdong"]
[Date "2017.12.04"]
[Round "21"]
[White "Liu, Guanchu"]
[Black "Zhao, Jun"]
[Result "1/2-1/2"]
[WhiteElo "2458"]
[BlackElo "2601"]
[Annotator "TA"]
[PlyCount "80"]
[EventDate "2017.??.??"]
[EventCountry "CHN"]
[SourceTitle "playchess.com"]
[Source "ChessBase"]
[SourceQuality "1"]

{[%evp 17,80,0,0,0,0,-6,1,-9,-14,-12,-8,-18,0,-31,-12,-40,-39,-37,-31,-64,-27,-32,-20,-20,-24,-26,-7,-7,-7,-7,-7,-25,-18,-17,-16,-20,-31,-38,-20,-26,-25,-45,-54,-55,-70,-89,-28,-37,-43,-36,-37,-37,-37,-41,-43,-36,0,0,0,0,0,0,0,0,0]} 1. e4 c5 2. Nf3 d6 3. d4 cxd4 4. Nxd4 Nf6 5. Nc3 a6 6. Be3 e5 7. Nb3 Be7 8. Qd2 {B90: Sicilian Najdorf: Unusual White 6th moves, 6 Be3 Ng4 and 6 Be3 e5} Ng4 9. g3 Nd7 {LiveBook: 4 Games} 10. Nd5 (10. O-O-O Nxe3 11. Qxe3 Nf6 12. f4 Qc7 13. Kb1 b5 14. h4 b4 15. Nd5 Nxd5 16. exd5 {1-0 (37) Morozevich,A (2665)-Sjugirov,S (2650) Sochi 2017}) 10... Nxe3 11. Qxe3 Nf6 12. Nxe7 $146 ({Predecessor:} 12. Bc4 Bh3 13. O-O-O Rc8 14. Nxf6+ Bxf6 15. Bd5 Qc7 {½-½ (37) Gaysin,E (2430)-Punzon Moraleda,J (2486) ICCF email 2012}) 12... Qxe7 13. Bg2 Be6 14. O-O h5 15. h4 O-O 16. Rad1 a5 17. a3 Rfc8 18. Rd2 Rc6 19. Nc1 b5 20. Nd3 Qc7 21. c3 Re8 22. Qg5 Rc4 23. Re1 Qe7 24. f4 Bd7 25. Nf2 b4 26. cxb4 axb4 27. Bf1 {[%cal Bg2f1,Bf1e2,Be2h5][%mdl 32]} Rcc8 28. axb4 Rb8 29. Be2 Rxb4 30. Bxh5 exf4 31. gxf4 Rb5 ({Black should play} 31... d5 $1 $17 {[%cal Rd5e4]} 32. Bf3 dxe4 33. Nxe4 Nxe4 34. Qxe7 Rxe7 35. Rxe4 Rexe4 36. Bxe4 Rxe4 37. Rxd7 Rxf4) 32. e5 $1 $11 dxe5 33. Rxe5 Rxe5 34. fxe5 Nxh5 35. Qxh5 Bc6 36. Rd6 Ba8 37. Qg5 {[#] Hoping for Qxe7.The position is equal.} ({Much weaker is} 37. e6 fxe6 38. Rd2 Rf8 $17) 37... Qb7 38. Rd8 Rxd8 39. Qxd8+ Kh7 {[%csl Ga8][%cal Rb7g2]} 40. Qg5 Qf3 {Precision: White = 71%, Black = 55%.} 1/2-1/2

[Event "Yingmei Cup CHN-chT 2017"]
[Site "Guangdong"]
[Date "2017.12.04"]
[Round "21"]
[White "Dai, Changren"]
[Black "Lin, Chen"]
[Result "0-1"]
[WhiteElo "2425"]
[BlackElo "2477"]
[Annotator "TA"]
[PlyCount "62"]
[EventDate "2017.??.??"]
[EventCountry "CHN"]
[SourceTitle "playchess.com"]
[Source "ChessBase"]
[SourceQuality "1"]

{[%evp 21,62,0,0,-3,10,5,16,11,37,27,21,15,24,5,12,0,0,0,0,0,0,0,0,0,0,0,0,0,0,0,0,0,0,-11,4,0,0,-17,-18,-138,-150,-985,-970]} 1. e4 e5 2. Nf3 Nc6 3. Bb5 Nf6 4. O-O Nxe4 5. Re1 Nd6 6. Nxe5 Be7 7. Bf1 Nxe5 8. Rxe5 O-O 9. d4 Bf6 {C67: Ruy Lopez: Berlin Defence: 4 0-0 Nxe4} (9... Ne8 10. Re1 d5 11. Bd3 c6 12. c3 Bd6 13. Nd2 g6 14. Nf3 Ng7 15. Bh6 Bg4 16. h3 Bxf3 17. Qxf3 {½-½ (30) Leko,P (2679)-Aronian,L (2801) Heraklio 2017}) 10. Re2 Nf5 11. d5 d6 {LiveBook: 3 Games. The position is equal.} 12. Nc3 $146 ({Predecessor:} 12. c3 c6 13. Bf4 Bg5 14. Bxg5 Qxg5 15. Nd2 Bd7 16. Nf3 Qf6 17. Qa4 {½-½ (28) Vallejo Pons,F (2677)-Tabatabaei,M (2461) Karlsruhe 2016}) 12... Bxc3 13. bxc3 Bd7 14. Qd3 Qf6 15. Rb1 b6 16. Bd2 Rae8 17. Rbe1 a5 18. Qc4 {[#] Hoping for Rxe8.} Qd8 19. Rxe8 Rxe8 20. Rxe8+ Bxe8 21. Bd3 Bd7 22. h3 h6 23. a3 Kf8 24. Kf1 Nh4 25. Qf4 Kg8 26. c4 Ng6 $36 {[%mdl 2048] Black has good play.} 27. Qd4 Qh4 28. f4 Qg3 29. f5 Qe5 30. Bc3 (30. Qxe5 $11 {remains equal.} Nxe5 31. f6) 30... Bxf5 $17 31. Qf2 $2 {[#]} (31. Qxe5 $17 Bxd3+ 32. cxd3 Nxe5 33. Ke2) 31... Bxd3+ {Precision: White = 45%, Black = 56%.} 0-1

[Event "Yingmei Cup CHN-chT 2017"]
[Site "Guangdong"]
[Date "2017.12.04"]
[Round "21"]
[White "Guo, Qi"]
[Black "Chu, Ruotong"]
[Result "1/2-1/2"]
[WhiteElo "2394"]
[BlackElo "2173"]
[Annotator "TA"]
[PlyCount "113"]
[EventDate "2017.??.??"]
[EventCountry "CHN"]
[SourceTitle "playchess.com"]
[Source "ChessBase"]
[SourceQuality "1"]

{[%evp 29,113,7,51,-20,-20,-10,-13,-17,0,-20,-12,-12,10,0,0,-12,28,25,27,0,0,0,0,0,0,0,0,0,0,0,0,0,0,0,0,0,0,0,8,8,22,8,9,0,0,0,0,0,0,0,0,0,0,0,0,0,0,0,0,0,0,0,0,0,0,0,0,0,0,0,0,0,0,0,0,0,0,0,0,0,0,0,0,0,0,0]} 1. c4 g6 2. Nc3 c5 3. Nf3 Nc6 4. e3 Nf6 5. d4 cxd4 6. exd4 d5 7. cxd5 Nxd5 8. Qb3 Nxc3 9. Bc4 Nd5 10. Bxd5 e6 11. Bxc6+ bxc6 12. O-O Qd5 {A35: Symmetrical English: 2 Nc3 Nc6 3 Nf3} 13. Qc3 (13. Be3 Be7 14. Rfc1 f6 15. Nd2 Kf7 16. Rc2 a5 17. Qc4 Bb7 18. Nb3 Ba6 19. Qxd5 cxd5 20. Nxa5 {½-½ (32) Giri,A (2771)-So,W (2812) Leuven 2017}) 13... Bg7 14. Bf4 O-O 15. Rfc1 Bb7 {[#] LiveBook: 5 Games} 16. Be5 $146 ({White should play} 16. Qe3 $14) ({Predecessor:} 16. Qe3 Qb5 17. Bh6 Bxh6 18. Qxh6 f6 19. b3 Rad8 20. Qe3 {1-0 (51) Strikovic,A (2544)-Tatai,S (2356) La Laguna 2010}) 16... f6 $11 17. Bg3 Rfc8 18. Qb4 Ba6 19. Qa4 Bb5 20. Qa5 Be2 21. Rc5 Qd7 22. Qa4 Bxf3 23. gxf3 Bf8 24. Rc4 Qd5 {The position is equal.} 25. Rac1 {[%cal Rc4c6]} (25. Kg2 {feels hotter.} a5 26. Qb3 Ra7 27. Rac1 Qd7 28. Qc3) 25... Qxf3 26. Rxc6 Rxc6 27. Qxc6 Qxc6 28. Rxc6 {[%mdl 4096] Endgame KRB-KRB} Rd8 29. Rxe6 Rxd4 30. Rxf6 Ra4 31. Rc6 Rxa2 32. Rc8 {[#] Black must now prevent Bd6.} Kf7 33. Rc7+ Ke6 34. Rxh7 Bc5 35. Rc7 Bd4 36. Rc6+ Kf5 37. b3 Rb2 38. Rd6 Bb6 39. Rd5+ Ke4 40. Rg5 Kf3 {[%cal Rb2b1] [#]} 41. h4 {[%cal Bh2h4,Bh4h5,Bh5h6][%mdl 32]} Rxb3 42. Rxg6 Bxf2+ 43. Bxf2 {Rg3+ would kill now. KRB-KR} Rb1+ 44. Kh2 Kxf2 {KR-KR} 45. h5 Rb5 {[%cal Rb5h5]} 46. Rf6+ Ke3 47. h6 {And now Kg3 would win.} Rh5+ 48. Kg3 Ke4 49. Kg4 Ke5 50. Ra6 (50. Kxh5 Kxf6 51. Kg4 a5 $19) 50... Rh1 51. Kg5 {aiming for Kg6.} Rg1+ 52. Kh5 {h7 is the strong threat.} Kf5 $1 {[%cal Rg1h1]} 53. Ra5+ Kf6 54. Ra6+ Kf5 {[%cal Rg1h1]} 55. Ra5+ Kf6 56. Ra6+ Kf5 {[%cal Rg1h1]} 57. Ra5+ {Precision: White = 46%, Black = 85%.} 1/2-1/2

[Event "Yingmei Cup CHN-chT 2017"]
[Site "Guangdong"]
[Date "2017.12.04"]
[Round "21"]
[White "Zhao, Yuanhe"]
[Black "Bu, Xiangzhi"]
[Result "1/2-1/2"]
[WhiteElo "2377"]
[BlackElo "2730"]
[Annotator "TA"]
[PlyCount "68"]
[EventDate "2017.??.??"]
[EventCountry "CHN"]
[SourceTitle "playchess.com"]
[Source "ChessBase"]
[SourceQuality "1"]

{[%evp 14,68,31,22,49,28,70,72,81,55,86,76,99,62,83,91,79,74,99,70,107,93,122,114,117,109,101,77,152,85,153,142,173,162,172,95,110,0,0,0,0,0,0,0,0,0,0,0,0,0,0,0,0,0,0,0,0]} 1. Nf3 d6 2. d4 g6 3. e4 Nf6 4. Nc3 Bg7 5. Bc4 O-O 6. O-O c6 7. e5 Ne8 8. h3 {LiveBook: 4 Games. B08: Pirc Defence: Classical System} Nc7 (8... d5 9. Bd3 c5 10. dxc5 Nc6 11. Bb5 Nc7 12. Bxc6 bxc6 13. Nd4 Bd7 14. Qe2 Qb8 15. a3 Ne6 16. Nxe6 Bxe6 {½-½ (57) Lizak,P (2445)-Petenyi,T (2437) Hungary 2017}) 9. exd6 Qxd6 10. Ne4 $146 {White is slightly better.} ({Predecessor:} 10. Qe2 Nd5 11. Bxd5 cxd5 12. Nb5 Qd8 13. Bf4 Na6 14. Rfe1 Bd7 15. a4 Re8 {1-0 (25) Zapolski,K (2218)-Zurkowski,A (2109) Leba 2008}) 10... Qd8 11. c3 Nd7 12. Re1 Nb6 13. Bf1 Nbd5 14. Bg5 {[%cal Bc1g5,Bg5h4,Bh4g3][%mdl 32]} Ne6 15. Bh4 b6 16. Qb3 h6 17. Bg3 Bb7 18. Rad1 Qc8 19. c4 Nf6 20. Nxf6+ (20. Qa3 {feels hotter.} Re8 21. Nc3 Nh5 22. Bh2 g5 23. d5) 20... Bxf6 (20... exf6 $142 21. d5 cxd5) 21. c5 (21. Qe3 $142) 21... bxc5 {[#]} (21... Ba6 $142) 22. Rxe6 $1 $16 {[%mdl 512]} Qxe6 23. Qxb7 Qxa2 24. b3 ({Don't take} 24. Qxc6 Rac8 $16) (24. Ne5 $18 Bxe5 25. dxe5) 24... cxd4 25. Rxd4 ({Of course not} 25. Qxc6 $6 Qxb3 26. Rd3 Qb1 $15) ({Wrong is} 25. Nxd4 $2 Rad8 $19) ({White should try} 25. Bc4 $16) 25... Bxd4 $11 {The position is equal.} 26. Nxd4 Rad8 $1 {[%cal Rd8d4]} 27. Nxc6 Rd1 {Hoping for ...Qe2.} 28. Nxe7+ Kh7 {And now ...Qe2 would win.} 29. Nd5 Rxf1+ $1 30. Kxf1 {Strongly threatening Kg1.} Qb1+ 31. Ke2 Qc2+ 32. Ke1 Qc1+ 33. Ke2 {Be5 is the strong threat.} Qc2+ 34. Ke1 Qc1+ {Precision: White = 51%, Black = 69%.} 1/2-1/2

[Event "Yingmei Cup CHN-chT 2017"]
[Site "Guangdong"]
[Date "2017.12.04"]
[Round "21"]
[White "Xu, Zhihang"]
[Black "Ni, Hua"]
[Result "0-1"]
[WhiteElo "2376"]
[BlackElo "2674"]
[Annotator "TA"]
[PlyCount "140"]
[EventDate "2017.??.??"]
[EventCountry "CHN"]
[SourceTitle "playchess.com"]
[Source "ChessBase"]
[SourceQuality "1"]

{[%evp 19,140,30,31,30,35,15,31,31,24,12,27,5,38,18,71,68,75,77,72,85,72,77,103,65,58,53,65,18,18,8,11,13,8,0,0,0,0,0,0,0,0,0,0,0,0,0,0,0,0,0,0,0,0,0,0,0,0,0,12,10,18,0,0,0,0,0,0,0,0,0,0,0,0,0,0,0,0,0,0,0,0,0,0,-147,-147,-147,-147,-1430,-1430,-1430,-1422,-1389,-1343,-1331,-1323,-1264,-1230,-1268,-1126,-1034,-706,-1007,-729,-693,-382,-4337,-4133,-1312,-584,-3527,-3527,-2716,-2396,-2424,-949,-29964,-29961,-12795,-4631,-29977,-29978,-29978,-29965]} 1. d4 Nf6 2. c4 e6 3. Nf3 d5 4. Nc3 a6 5. cxd5 exd5 6. Bg5 {D37: Queen's Gambit Declined: 5 Bf4} Be6 7. e3 Nbd7 8. Bd3 Bd6 9. O-O O-O 10. Qc2 h6 {LiveBook: 4 Games} 11. Bf4 Qe7 12. Rfe1 $146 ({Predecessor:} 12. Bxd6 Qxd6 13. a3 Bg4 {0-1 (62) Riazantsev,A (2671)-Carlsen,M (2840) Doha 2016}) 12... c6 13. Bxd6 Qxd6 14. Na4 Rfe8 15. b4 Bg4 16. Nd2 b5 (16... Qxb4 17. Reb1 $16) (16... a5 $11) 17. Nc5 $16 Nxc5 18. dxc5 Qe5 19. h3 Bd7 20. a4 Ne4 21. Bxe4 (21. Nf3 {keeps more tension.} Qe7 22. Nd4 Qd8 23. Red1 Rc8 24. axb5 axb5 25. Ra7) 21... dxe4 22. axb5 (22. Nb3 {seems wilder.} Qg5 23. Kh2 bxa4 24. Rxa4 Re6 25. Nd4) 22... axb5 23. Rxa8 (23. Nb3 {feels hotter.} Be6 24. Nd4 Bd5 25. Reb1 f5 26. Rxa8 Rxa8 27. Qc3) 23... Rxa8 24. Qxe4 Qxe4 25. Nxe4 {[%mdl 4096] Endgame KRB-KRN} Ra4 26. Rb1 Bf5 27. f3 Kf8 28. Kf2 Ke7 29. Rb2 Bxe4 $1 30. fxe4 $11 {KR-KR} Ke6 31. Kf3 Ke5 32. Rb1 h5 33. g4 h4 34. g5 g6 35. Rd1 Rxb4 36. Rd7 {[%cal Rd7e7] [#]} Ke6 37. Rd6+ Ke7 38. Rxc6 Rb1 39. Rb6 b4 $1 {[%cal Bb5b4,Bb4b3,Bb3b2][%mdl 32]} 40. Kg2 b3 41. Kf3 b2 42. Kg2 Rc1 43. Rb7+ Ke6 44. Rb6+ Ke7 45. Rb7+ ({Reject} 45. Rxb2 Rxc5 46. Kf3 Rxg5 $15) 45... Kf8 46. Rxb2 Rxc5 47. Kf3 Rxg5 {White must now prevent ...Rg3+.} 48. Rg2 Ra5 49. Kf4 Kg7 50. Rg5 Ra1 {Threatens to win with ...Rh1.} 51. Rg4 (51. Rb5 $11 {keeps the balance.}) 51... Rf1+ $17 52. Kg5 Rf3 $1 {[%csl LRe3,LRh3] And now ...f6+ would win.} 53. Rxh4 $2 {[%mdl 8192]} (53. e5 $17) 53... f6+ $19 54. Kg4 Rxe3 55. Kf4 Ra3 56. Rg4 g5+ 57. Kf5 Rf3+ 58. Ke6 Rxh3 59. Rg1 Re3 60. Kd5 Kg6 61. Kd4 Rf3 62. Rh1 $2 (62. Rg2 f5 63. Rb2) 62... g4 63. Rh8 g3 (63... Kg5 $142 64. e5 Rf4+ 65. Ke3 fxe5) 64. e5 Kg7 65. Rh1 f5 66. e6 f4 ({Not} 66... Kf6 67. Rh6+ Kg7 68. Rh5 $17) 67. e7 {[#]} Kf7 $1 ({Inferior is} 67... Re3 68. Rh4 $11) 68. Rh7+ Ke8 69. Ke5 g2 70. Kf6 Re3 {Precision: White = 55%, Black = 70%.} 0-1

[Event "Yingmei Cup CHN-chT 2017"]
[Site "Guangdong"]
[Date "2017.12.04"]
[Round "21"]
[White "Lan, Zilun"]
[Black "Zhang, Ziji"]
[Result "0-1"]
[WhiteElo "2361"]
[BlackElo "2387"]
[Annotator "NA RC"]
[PlyCount "72"]
[EventDate "2017.??.??"]
[EventCountry "CHN"]
[SourceTitle "playchess.com"]
[Source "ChessBase"]
[SourceQuality "1"]
[TimeControl "5400+30"]

1. d4 d5 2. Nf3 Nf6 3. Bf4 c5 4. c3 Nc6 5. e3 Qb6 6. Qb3 c4 7. Qc2 Bf5 8. Qc1 h6 9. Nbd2 e6 {D02: 1 d4 d5 2 Nf3 sidelines, including 2...Nf6 3 g3 and 2...Nf6 3 Bf4} 10. b3 (10. Be2 Be7 11. b3 cxb3 12. axb3 O-O 13. O-O Rfc8 14. Qb2 a5 15. Ra4 Qd8 16. Rfa1 Ne8 17. h3 {½-½ (51) Yu,Y (2747)-Maze,S (2591) Gibraltar 2016}) 10... Qa5 11. b4 $146 ({Predecessor:} 11. a4 cxb3 12. Nxb3 Qd8 13. a5 a6 14. Be2 Be7 15. O-O O-O 16. Nfd2 Rc8 17. Qb2 {1-0 (49) Gumularz,S (2391)-Hirneise,T (2466) Krakow 2017}) 11... Bxb4 12. cxb4 Nxb4 13. Be2 Nc2+ 14. Kf1 Nxa1 15. Qxa1 O-O 16. h3 Ne4 17. Nxe4 Bxe4 18. Kg1 Rfc8 19. Kh2 c3 20. Rc1 Qb4 21. Ne1 Qb2 22. Bd3 Rc6 23. f3 Bxd3 24. Nxd3 Qxa1 25. Rxa1 c2 26. Rc1 Rac8 27. Kg3 Rc3 28. Ne1 Ra3 29. Kf2 Rxa2 30. Ke2 b5 31. Bd6 $19 a5 32. Nd3 b4 33. Bxb4 axb4 34. Nxb4 Rb2 35. Nd3 Rb1 36. Kd2 Rxc1 0-1

[Event "Yingmei Cup CHN-chT 2017"]
[Site "Guangdong"]
[Date "2017.12.04"]
[Round "21"]
[White "Wang, Jue"]
[Black "Lei, Tingjie"]
[Result "0-1"]
[WhiteElo "2352"]
[BlackElo "2528"]
[Annotator "TA"]
[PlyCount "68"]
[EventDate "2017.??.??"]
[EventCountry "CHN"]
[SourceTitle "playchess.com"]
[Source "ChessBase"]
[SourceQuality "1"]

{[%evp 15,68,16,8,8,11,-17,-15,-14,-14,-29,0,-14,0,-38,-32,-39,-44,-35,-43,-68,-79,-152,-150,-144,-119,-129,-56,-68,-47,-175,-196,-226,-226,-236,-243,-288,-295,-300,-290,-683,-651,-766,-772,-836,-744,-823,-818,-738,-620,-816,-816,-782,-765,-29992,-29993]} 1. e4 e5 2. Nf3 Nc6 3. Bb5 Nf6 4. d3 d6 5. O-O Bd7 (5... a6 6. Bxc6+ bxc6 7. Re1 c5 8. c3 Bg4 9. h3 Bxf3 10. Qxf3 Be7 11. Be3 Qb8 12. b3 a5 13. d4 {½-½ (25) Wei,Y (2753)-Rapport,R (2675) Tbilisi 2017}) 6. Re1 {C66: Ruy Lopez: Steinitz Defence} g6 7. d4 Bg7 8. dxe5 Nxe5 {LiveBook: 3 Games} 9. Bxd7+ (9. Nc3 {feels hotter.} Bxb5 10. Nxb5 Nfg4 11. Nxe5 Nxe5 12. f4) 9... Nfxd7 10. Nc3 $146 ({Predecessor:} 10. Nxe5 dxe5 11. Qe2 O-O 12. b3 Qf6 13. Qb5 Nb6 {0-1 (63) Savic,M (2522)-Pavlovic,M (2445) Sozina 2004}) 10... O-O 11. Nxe5 Nxe5 12. Qe2 f5 13. exf5 Rxf5 14. Nd5 (14. f4 $5 {[%cal Rf4e5]} Nc6 15. Be3 $11) 14... c6 15. Ne3 Rf7 16. Bd2 Qh4 17. Rf1 d5 18. f3 (18. Rae1 $142) 18... Re8 $17 {[#] Strongly threatening ...Nc4.} 19. Qf2 Qd4 $36 {[%mdl 2048] Black is in control.} 20. b3 Bf6 (20... Rfe7 $17 21. Rac1 Nd7) 21. f4 $1 $15 {[%cal Rf4e5]} Nd7 {...Nc5 is the strong threat.} 22. c3 (22. Rae1 $15) 22... Qd3 $19 23. Rae1 Rfe7 24. f5 g5 ({Don't take} 24... Bxc3 25. Bxc3 Qxc3 26. fxg6 $17) 25. Bc1 {intending Ng4.} Qxc3 ({Less strong is} 25... Bxc3 26. Rd1 $15) 26. Bd2 Qd3 27. Ng4 $2 (27. Bc1) 27... Re2 {Threatens to win with ...Bd4.} 28. Nxf6+ Nxf6 29. Rxe2 Rxe2 30. Qxa7 Qxd2 31. Qb8+ Ne8 {( -> ...Qe3+)} 32. f6 {f7+ would kill now.} Qd4+ 33. Kh1 {[#]} Qxf6 $1 {[%cal Rf6f1][%mdl 512]} 34. Kg1 (34. Rxf6 Re1+) 34... Qd4+ {Precision: White = 35%, Black = 72%.} 0-1

[Event "Yingmei Cup CHN-chT 2017"]
[Site "Guangdong"]
[Date "2017.12.04"]
[Round "21"]
[White "Zhang, Xiaowen"]
[Black "Ren, Xiaoyi"]
[Result "1/2-1/2"]
[WhiteElo "2328"]
[BlackElo "2254"]
[Annotator "TA"]
[PlyCount "71"]
[EventDate "2017.??.??"]
[EventCountry "CHN"]
[SourceTitle "playchess.com"]
[Source "ChessBase"]
[SourceQuality "1"]

{[%evp 15,71,28,28,23,31,22,33,39,45,48,58,35,68,63,110,42,61,64,56,38,164,168,162,162,166,104,100,94,106,105,106,102,99,59,49,19,24,32,31,6,45,17,29,25,343,6,10,10,10,10,10,10,7,7,8,0,9,7]} 1. e4 e5 2. Nf3 Nf6 3. Nxe5 d6 4. Nf3 Nxe4 5. d4 Be7 6. Bd3 Nf6 7. h3 O-O 8. O-O c5 {LiveBook: 9 Games} 9. c4 {C42: Petroff Defence: 3 Nxe5 and unusual White 3rd moves} (9. b3 Nc6 10. Bb2 Nb4 11. Be2 Bf5 12. Na3 d5 13. c3 Nc6 14. Nc2 Qb6 15. Ne3 Be4 16. Ng5 Rad8 17. Nxe4 Nxe4 {1-0 (61) Areshchenko,A (2665)-Dimakiling,O (2382) Abu Dhabi 2016}) 9... d5 10. Nc3 cxd4 11. Nxd4 {White is slightly better.} dxc4 12. Bxc4 Qc7 13. Qb3 a6 $146 ({Predecessor:} 13... Nc6 14. Nxc6 bxc6 15. Re1 {1-0 (51) Heidenfeld,M (2320)-Keogh,E (2175) Dublin 1996}) 14. Be3 b5 15. Be2 (15. Nd5 $16 Qd7 16. Nxe7+ Qxe7 17. Bd3) 15... Bb7 16. Rac1 Qe5 17. Bf3 Bd6 (17... Bxf3 $1 $14 18. Nxf3 Qf5) 18. Rfd1 $1 $18 ({Don't play} 18. g3 $6 Bxf3 19. Nxf3 Qf5 $14) 18... Ra7 19. g3 {Strongly threatening Bxb7.} Bc5 20. Bf4 (20. Ncxb5 $1 $18 axb5 21. Bxb7 Rxb7 22. Nf3) 20... Qe7 $16 21. Bxb7 Rxb7 22. Nd5 Nxd5 23. Qxd5 Bxd4 24. Rxd4 Rd7 $1 {[%cal Rd7d5]} 25. Bd6 Qd8 26. Qc5 Re8 27. Bc7 Qf6 28. Be5 Qf5 29. Rf4 Qxh3 $2 {[%mdl 8192] [#]} (29... Qd3 $11 {and Black has nothing to worry.}) 30. Bxb8 $2 (30. Bxg7 $1 $18 {[%mdl 512] Black must now prevent Qg5.} Red8 (30... Kxg7 31. Qg5+) 31. Bd4) 30... Rde7 $11 {( -> ...Re1+). The position is equal.} 31. Qb4 {Bd6 is the strong threat.} a5 $1 {[%cal Ra5b4]} 32. Qxa5 {And now Bd6 would win.} Rxb8 33. Rd4 {Black should prevent Rd8+.} Ree8 34. Rd5 Qh6 35. Rcd1 Qc6 36. Qd2 {Precision: White = 56%, Black = 51%.} 1/2-1/2